00500 2200181 4500001002100000005001500021035002000036245006700056100002000123250000600143300003500149260003800184082001200222084001800234020002200252650002700274990001700301INLIS00000000000049720181128110326 a0010-11180000401 aGemilang Islam di Tanah Jawa Kerajaan Demak /cTim Al-Maktabah0 aTim Al-Maktabah a- avi, 42 hlm. :bilus. ;c25 cm. aSurabaya :bCV Al-Maktabah,c2008 a959.801 a959.801 TIM g a978-979-0409-52-1 aSejarah Kerajaan Islam a01747/P/2018